| 000 | 00585nam a2200193Ia 4500 | ||
|---|---|---|---|
| 003 | GCL | ||
| 008 | 140319s9999 xx 000 0 ara d | ||
| 040 |
_aGCL / _cGCL |
||
| 082 | 0 | 4 |
_a971.43 _bا ع |
| 100 | 1 | _aاعتدال ممتاز | |
| 245 | 1 | 0 |
_aمذكرات رقيبة سينما 30 عاما / _cاعتدال ممتاز |
| 260 |
_a[S.N] : _bالهيئة المصرية العامة للكتاب ، _c1985 |
||
| 300 | _aمتعدد | ||
| 490 | _a | ||
| 650 | 0 | 4 | _aالافلام السينمائية |
| 650 | 0 | 4 | _aالسينما |
| 650 | 0 | 4 | _aالرقابة |
| 942 |
_2ddc _cBK |
||
| 999 |
_c30052 _d30052 |
||